<?xml version="1.0" encoding="UTF-8"?>
<record
    xmlns:xsi="http://www.w3.org/2001/XMLSchema-instance"
    xsi:schemaLocation="http://www.loc.gov/MARC21/slim http://www.loc.gov/standards/marcxml/schema/MARC21slim.xsd"
    xmlns="http://www.loc.gov/MARC21/slim">

  <leader>01933nam a22001457a 4500</leader>
  <controlfield tag="008">191203b        xxu||||| |||| 00| 0 eng d</controlfield>
  <datafield tag="020" ind1=" " ind2=" ">
    <subfield code="a">9789873805028</subfield>
  </datafield>
  <datafield tag="082" ind1=" " ind2=" ">
    <subfield code="a">907.2</subfield>
    <subfield code="b">SO728i</subfield>
  </datafield>
  <datafield tag="100" ind1=" " ind2=" ">
    <subfield code="a">Southwell, Myriam y Arata, Nicol&#xE1;s (Comps.)</subfield>
    <subfield code="9">7264</subfield>
  </datafield>
  <datafield tag="245" ind1=" " ind2=" ">
    <subfield code="a">Ideas en la Educaci&#xF3;n Latinoamericana: Un balance historiogr&#xE1;fico.</subfield>
  </datafield>
  <datafield tag="260" ind1=" " ind2=" ">
    <subfield code="a">Argentina</subfield>
    <subfield code="b">UNIPE: Editorial Universitaria</subfield>
    <subfield code="c">2014</subfield>
  </datafield>
  <datafield tag="300" ind1=" " ind2=" ">
    <subfield code="a">208 p. </subfield>
    <subfield code="c">24 x 16 cm</subfield>
  </datafield>
  <datafield tag="505" ind1=" " ind2=" ">
    <subfield code="t">Presentaci&#xF3;n. Itinerarios de la historiograf&#xED;a educativa en la Latinoam&#xE9;rica a comienzos del siglo XXI. </subfield>
    <subfield code="r">Nicol&#xE1;s Arata y Myriam Southwell. </subfield>
    <subfield code="t">Realidades y posibilidades en la historiograf&#xED;a de la educaci&#xF3;n latinoamericana: Una perspectiva mexicana. </subfield>
    <subfield code="r">Eugenia Rold&#xE1;n Vera.</subfield>
    <subfield code="t">Historia de la educaci&#xF3;n Latinoamericana: Aportes para el debate. </subfield>
    <subfield code="r">Lidia Mercedes Rodr&#xED;guez </subfield>
    <subfield code="t">Rasgos Comunes y Excepcionalidades: Una tensi&#xF3;n en la historia de la educaci&#xF3;n Latinoamericana. Una mirada desde Chile. </subfield>
    <subfield code="r">Pablo Toro Blanco. </subfield>
    <subfield code="t">&#xBF;Qu&#xE9; es la "educaci&#xF3;n latinoamericana"?</subfield>
    <subfield code="r">Jorge Bralich</subfield>
    <subfield code="t">La historia de la educaci&#xF3;n en la argentina en el escenario global: Comunidades interpretativas, historia del presente y experiencia intelectual. </subfield>
    <subfield code="r">Sandra Carli</subfield>
    <subfield code="t">Visiones de Am&#xE9;rica, educaci&#xF3;n y reformas educativas: Matices, acuerdos y diferencias.  </subfield>
    <subfield code="r">Jos&#xE9; Gon&#xE7;alves Gondra y Jos&#xE9; Cl&#xE1;udio Sooma Silva.</subfield>
    <subfield code="t">La (ausente) historia de la educaci&#xF3;n en el Uruguay. </subfield>
    <subfield code="r">Antonio Romano </subfield>
    <subfield code="t">La historia de los saberes escolares: Nuevas miradas de la educaci&#xF3;n en Am&#xE9;rica Latina </subfield>
    <subfield code="r">Alejandro &#xC1;lvarez Gallego y Mar&#xED;a Alejandra Taborda Caro. </subfield>
    <subfield code="t">Infancia y subjetivaci&#xF3;n en Am&#xE9;rica Latina. Apuntes para la historia de la educaci&#xF3;n y la cultura.</subfield>
    <subfield code="r">Martha Cecilia Herrera y Yeimy C&#xE1;rdenas Palermo. </subfield>
    <subfield code="t">Anexo. Historia de la educaci&#xF3;n en Am&#xE9;rica Latina: Pasado, presente y porvenir. Un cuestionario. </subfield>
    <subfield code="t">Sobre los autores.</subfield>
  </datafield>
  <datafield tag="650" ind1=" " ind2=" ">
    <subfield code="2">Educaci&#xF3;n</subfield>
    <subfield code="v">Educaci&#xF3;n - Histograf&#xED;a</subfield>
    <subfield code="z">Educaci&#xF3;n - Latinoam&#xE9;rica </subfield>
    <subfield code="z">Latinoam&#xE9;rica </subfield>
    <subfield code="9">7265</subfield>
  </datafield>
  <datafield tag="999" ind1=" " ind2=" ">
    <subfield code="c">1882</subfield>
    <subfield code="d">1882</subfield>
  </datafield>
  <datafield tag="952" ind1=" " ind2=" ">
    <subfield code="0">0</subfield>
    <subfield code="1">0</subfield>
    <subfield code="2">ddc</subfield>
    <subfield code="4">0</subfield>
    <subfield code="7">0</subfield>
    <subfield code="a">LV</subfield>
    <subfield code="b">LV</subfield>
    <subfield code="c">Pensamiento</subfield>
    <subfield code="d">2019-12-03</subfield>
    <subfield code="l">0</subfield>
    <subfield code="o">907.2 SO728i</subfield>
    <subfield code="p">004901</subfield>
    <subfield code="r">2019-12-03 00:00:00</subfield>
    <subfield code="w">2019-12-03</subfield>
    <subfield code="y">01</subfield>
  </datafield>
</record>
